[Event "Klatovy op 28th"]
[Site "Klatovy"]
[Date "2022.07.04"]
[Round "3"]
[White "Lhotska, Anna"]
[Black "Martirosyan, David"]
[Result "1-0"]
[WhiteElo "2113"]
[BlackElo "1826"]
[PlyCount "67"]
[EventDate "2022.07.02"]
[EventType "swiss"]
[EventRounds "9"]
[EventCountry "CZE"]
[SourceTitle "EXT 2023"]
[Source "ChessBase"]
[SourceDate "2022.10.05"]
[SourceVersion "1"]
[SourceVersionDate "2022.10.05"]
[SourceQuality "1"]

1. e4 e5 2. Nf3 Nf6 3. d4 Nxe4 4. Bd3 d5 5. Nxe5 Nd7 6. Nc3 Bb4 7. 0-0 Nxe5 8. dxe5 Nxc3 9. bxc3 Bxc3 10. Rb1 0-0 11. Bxh7+ Kxh7 12. Qd3+ Kg8 13. Qxc3 b6 14. Qg3 Bf5 15. Bh6 Bg6 16. Bg5 Qd7 17. Rb3 Bh5 18. Rb4 d4 19. h3 c5 20. Rbb1 Bg6 21. f4 c4 22. h4 d3 23. cxd3 Qxd3 24. Qf2 Bh5 25. f5 Rfe8 26. Rbe1 c3 27. f6 Qc4 28. Qg3 c2 29. Bf4 g6 30. Qg5 Bd1 31. h5 c1Q 32. Bxc1 Bxh5 33. Re3 Kh7 34. Rc3 1-0

[Event "EU-ch Hybrid U12"]
[Site "Tornelo INT"]
[Date "2021.10.15"]
[Round "7"]
[White "Martirosyan, David"]
[Black "Blumenthal, Michael"]
[Result "1-0"]
[WhiteElo "1700"]
[BlackElo "1417"]
[PlyCount "69"]
[EventDate "2021.10.15"]
[EventType "swiss"]
[EventRounds "9"]
[EventCountry "NET"]
[SourceTitle "EXT 2023"]
[Source "ChessBase"]
[SourceDate "2022.10.05"]
[SourceVersion "1"]
[SourceVersionDate "2022.10.05"]
[SourceQuality "1"]
[WhiteTeam "Czech Republic"]
[BlackTeam "Israel"]
[WhiteTeamCountry "CZE"]
[BlackTeamCountry "ISR"]

1. e4 c5 2. Nc3 Nc6 3. Nge2 g6 4. d4 cxd4 5. Nxd4 Bg7 6. Nde2 Nf6 7. g3 d6 8. Bg2 0-0 9. 0-0 Bd7 10. a4 Rc8 11. Nd5 Ne5 12. Ra2 Be6 13. b3 Nfd7 14. c4 a5 15. Be3 Nc6 16. Nd4 Bxd5 17. exd5 Nb4 18. Re2 Nc5 19. Nb5 Qd7 20. Bd4 Bxd4 21. Nxd4 Nba6 22. f4 Rfe8 23. Rfe1 Nb4 24. Re3 Nba6 25. f5 Nxa4 26. bxa4 Rxc4 27. f6 Qxa4 28. Qxa4 Rxa4 29. Rxe7 Rf8 30. Nb5 Nc5 31. Nxd6 Rb4 32. Re8 Nd7 33. Rxf8+ Nxf8 34. Re8 a4 35. Nc8 1-0

[Event "EU-ch Hybrid U12"]
[Site "Tornelo INT"]
[Date "2021.10.15"]
[Round "6"]
[White "Martirosyan, David"]
[Black "Warchol, Kamil"]
[Result "0-1"]
[WhiteElo "1700"]
[BlackElo "2041"]
[PlyCount "68"]
[EventDate "2021.10.15"]
[EventType "swiss"]
[EventRounds "9"]
[EventCountry "NET"]
[SourceTitle "EXT 2023"]
[Source "ChessBase"]
[SourceDate "2022.10.05"]
[SourceVersion "1"]
[SourceVersionDate "2022.10.05"]
[SourceQuality "1"]
[WhiteTeam "Czech Republic"]
[BlackTeam "Poland"]
[WhiteTeamCountry "CZE"]
[BlackTeamCountry "POL"]

1. e4 c5 2. Nf3 e6 3. d4 cxd4 4. Nxd4 a6 5. Nc3 b5 6. a3 Bb7 7. Bd3 d6 8. 0-0 Nf6 9. Kh1 Nbd7 10. Bg5 h6 11. Bh4 Be7 12. f4 0-0 13. Nb3 e5 14. f5 d5 15. exd5 Nxd5 16. Bxe7 Qxe7 17. Nxd5 Bxd5 18. Qe2 Nf6 19. c4 bxc4 20. Bxc4 Bxc4 21. Qxc4 Rfc8 22. Qe2 a5 23. Rac1 a4 24. Nd4 Qb7 25. Qxe5 Rxc1 26. Rxc1 Qxb2 27. Qe3 Re8 28. Qg1 Ng4 29. Rf1 Re1 30. Nf3 Nf2+ 31. Qxf2 Qxf2 32. Rxe1 Qb2 33. Re3 Qc1+ 34. Re1 Qxa3 0-1

[Event "Pardubice Czech op-B"]
[Site "Pardubice"]
[Date "2020.09.24"]
[Round "4"]
[White "Terpstra, Wiep"]
[Black "Martirosyan, David"]
[Result "1-0"]
[WhiteElo "1783"]
[BlackElo "1559"]
[PlyCount "95"]
[EventDate "2020.09.21"]
[EventType "swiss"]
[EventRounds "9"]
[EventCountry "CZE"]
[SourceTitle "CBM 198 Extra"]
[Source "ChessBase"]
[SourceDate "2020.11.30"]
[SourceVersion "1"]
[SourceVersionDate "2020.11.30"]
[SourceQuality "1"]

1. d4 Nf6 2. Nf3 d5 3. Bf4 g6 4. Nbd2 Bg7 5. e3 0-0 6. Be2 b6 7. Ne5 c5 8. c3 Bb7 9. Qb3 Nbd7 10. 0-0 Nxe5 11. Bxe5 Nd7 12. Bxg7 Kxg7 13. Bf3 c4 14. Qc2 e5 15. dxe5 Nxe5 16. Rfd1 Qf6 17. Be2 Rfe8 18. Nf3 Rad8 19. Nxe5 Rxe5 20. Rd4 Bc8 21. Rad1 b5 22. Qd2 Bb7 23. a3 h5 24. Bf3 h4 25. Rf4 Rf5 26. Rxf5 Qxf5 27. Qd4+ Qf6 28. Qxa7 Bc6 29. Qd4 g5 30. h3 Qxd4 31. Rxd4 Kf6 32. g3 hxg3 33. fxg3 Ke5 34. e4 Rd6 35. exd5 Bxd5 36. Bxd5 Rxd5 37. Rxd5+ Kxd5 38. Kf2 Ke4 39. Ke2 Kf5 40. Ke3 Ke5 41. h4 gxh4 42. gxh4 f6 43. Kf3 Kf5 44. Kg3 Ke4 45. h5 Kd3 46. Kf4 Kc2 47. Ke3 Kxb2 48. Kd2 1-0

[Event "EU Union-ch U10"]
[Site "Kouty nad Desnou"]
[Date "2020.08.22"]
[Round "9"]
[White "Wolff, Calvin"]
[Black "Martirosyan, David"]
[Result "0-1"]
[WhiteElo "1123"]
[BlackElo "1506"]
[PlyCount "94"]
[EventDate "2020.08.14"]
[EventType "swiss"]
[EventRounds "9"]
[EventCountry "CZE"]
[SourceTitle "EXT 2021"]
[Source "ChessBase"]
[SourceDate "2020.10.23"]
[SourceVersion "1"]
[SourceVersionDate "2020.10.23"]
[SourceQuality "1"]

1. e4 c6 2. d4 d5 3. Nc3 dxe4 4. Nxe4 Nd7 5. Bd3 Ngf6 6. c3 Nxe4 7. Bxe4 Nf6 8. f3 e6 9. Bg5 Be7 10. Bd3 h6 11. Bh4 Nd5 12. Bg3 c5 13. Bb5+ Bd7 14. Bxd7+ Qxd7 15. Be5 0-0 16. dxc5 Bxc5 17. b4 Bxg1 18. Rxg1 Rfd8 19. Qd4 f6 20. Bg3 e5 21. Qd1 Nxc3 22. Qb3+ Nd5 23. Rd1 Qb5 24. Kf2 Kh8 25. a3 a5 26. Rb1 axb4 27. axb4 Nxb4 28. Rgd1 Nd3+ 29. Kg1 Qxb3 30. Rxb3 Nc5 31. Rxd8+ Rxd8 32. Rb5 Rd1+ 33. Kf2 Rc1 34. f4 Ne4+ 35. Kf3 Nxg3 36. Kxg3 exf4+ 37. Kxf4 Rc7 38. g3 Kg8 39. h4 Kf7 40. Rb6 Re7 41. g4 Ke8 42. Kf5 Kd8 43. g5 hxg5 44. hxg5 Re5+ 45. Kf4 Kc7 46. gxf6 Kxb6 47. f7 Re1 0-1

[Event "EU Union-ch U10"]
[Site "Kouty nad Desnou"]
[Date "2020.08.14"]
[Round "1"]
[White "Martirosyan, David"]
[Black "Bako, Isabella"]
[Result "1-0"]
[WhiteElo "1506"]
[BlackElo "1180"]
[PlyCount "115"]
[EventDate "2020.08.14"]
[EventType "swiss"]
[EventRounds "9"]
[EventCountry "CZE"]
[SourceTitle "EXT 2021"]
[Source "ChessBase"]
[SourceDate "2020.10.23"]
[SourceVersion "1"]
[SourceVersionDate "2020.10.23"]
[SourceQuality "1"]

1. e4 c5 2. Nf3 d6 3. d4 cxd4 4. Nxd4 Nf6 5. Nc3 g6 6. Be3 Bg7 7. f3 0-0 8. Qd2 Nc6 9. 0-0-0 Nxd4 10. Bxd4 Be6 11. Kb1 Qc7 12. g4 Rfc8 13. h4 h5 14. gxh5 Nxh5 15. Bxg7 Kxg7 16. Bh3 Qc4 17. Bxe6 Qxe6 18. f4 Ng3 19. Qd4+ Kg8 20. f5 Qc4 21. Rhg1 Qxd4 22. Rxd4 Rxc3 23. bxc3 Ne2 24. Rg5 Nxd4 25. cxd4 Kh7 26. c3 Rg8 27. Kc2 f6 28. fxg6+ Rxg6 29. Rb5 b6 30. Kd3 Rg3+ 31. Kc4 Rg4 32. Rh5+ Kg7 33. Kd5 Rf4 34. e5 dxe5 35. dxe5 Kg6 36. Rh8 fxe5 37. Kxe5 Ra4 38. Ke6 Re4+ 39. Kd5 Kg7 40. Kxe4 Kxh8 41. Ke5 Kg7 42. Ke6 Kf8 43. h5 b5 44. a3 a6 45. h6 a5 46. h7 Kg7 47. Kxe7 Kxh7 48. Kd6 Kg6 49. Kc5 b4 50. cxb4 axb4 51. axb4 Kf7 52. Kc6 Ke7 53. Kc7 Ke6 54. b5 Kd5 55. b6 Kc5 56. b7 Kd5 57. b8Q Ke6 58. Qd8 1-0